000 00520nam a2200217Ia 4500
003 OSt
005 20220926041110.0
006 a|||||r|||| 00| 0
007 ta
008 220923b |||||||| |||| 00| 0 eng d
037 _cGeneral Book
040 _aRTL
_cRTL
_beng
041 _2eng
_aeng
082 _aX6xM, B6
100 _aGiffin R
_9344533
245 0 _aEssays in finance
260 _c1986
650 _aCredit
_9234994
942 _hX6xM, B6
_cGB
_2CC
999 _c666378
_d666378